| 000 | 00772cam a2200229 a 4500 | ||
|---|---|---|---|
| 020 | _a1855143534 | ||
| 020 | _a9781855143531 | ||
| 020 | _a9781855143531 | ||
| 020 | _a1855143534 | ||
| 040 | _cUKM | ||
| 082 | 0 | 4 | _a779 NPG 2005 C149 Or. |
| 100 | 1 | _aMuir, Robin. | |
| 245 | 1 | 4 | _aThe world's most photographed / |
| 260 |
_aLondon : _bNational Portrait Gallery, _cc2005. |
||
| 300 |
_a200 p. : _bill. (some col.), ports. (some col.) ; _c29 cm. |
||
| 500 | _a"To accompany a BBC TWO ten-part series and a major exhibition at the National Portrait Gallery, London from 6 July to 23 October 2005"--t.p. verso. | ||
| 500 | _aIncludes index. | ||
| 650 | 0 | _aCelebrities. | |
| 650 | 0 | _aCelebrities | |
| 710 | 2 | _aNational Portrait Gallery (Great Britain) | |
| 942 | _cAEDBB | ||
| 999 |
_c18634 _d18634 |
||